00487 2200193 4500245004800000020002200048250001100070100002000081700002500101700001100126650001700137005001900154260004100173041001400214084001300228300003200241336000900273338001100282 aTwinkle Stars Vol. 4cTakaya, NatsukihText a978-602-02-1317-0 aCet. 1 aTakaya, Natsuki aNina Siti Aminingsih aWien A aKomik Jepang a20230206130422 aJakartabElex Media Komputindoc2013 aIndonesia a741.5592 a... jil. :bilus. ;c17 cm. atext avolume